UM Logo

Improving fraction understanding in sixth graders with mathematics difficulties : (Record no. 18098)

MARC details
000 -LEADER
fixed length control field 01090nam a22002417a 4500
003 - CONTROL NUMBER IDENTIFIER
control field OSt
005 - DATE AND TIME OF LATEST TRANSACTION
control field 20251201185031.0
008 - FIXED-LENGTH DATA ELEMENTS--GENERAL INFORMATION
fixed length control field 230703b ||||| |||| 00| 0 eng d
040 ## - CATALOGING SOURCE
Transcribing agency 0
082 ## - DEWEY DECIMAL CLASSIFICATION NUMBER
Classification number DPer 370.15 J826 April-May 2020 v. 112 n. 3-4
100 ## - MAIN ENTRY--PERSONAL NAME
Personal name Barbieri, Christina A.
Relator term author.
9 (RLIN) 48474
245 ## - TITLE STATEMENT
Title Improving fraction understanding in sixth graders with mathematics difficulties :
Remainder of title effects of a number line approach combined with cognitive learning strategies /
Statement of responsibility, etc. Christina A. Barbieri, Jessica Rodrigues, Nancy Dyson, and Nancy C. Jordan.
260 ## - PUBLICATION, DISTRIBUTION, ETC. (IMPRINT)
Place of publication, distribution, etc. Washington ;
Name of publisher, distributor, etc. American Psychological Association ,
Date of publication, distribution, etc. April 2020.
300 ## - PHYSICAL DESCRIPTION
Extent Volume 112, pages 628-648 :
Other physical details illustration ;
Dimensions 28 cm.
500 ## - GENERAL NOTE
General note Journal of Educational Psychology, vol. 112, no. 3, pages 628-648, April 2020.
650 ## - SUBJECT ADDED ENTRY--TOPICAL TERM
Topical term or geographic name as entry element Fraction.
9 (RLIN) 48475
650 ## - SUBJECT ADDED ENTRY--TOPICAL TERM
Topical term or geographic name as entry element Mathematics.
9 (RLIN) 48476
700 ## - ADDED ENTRY--PERSONAL NAME
Personal name Barbieri, Christina A.
Relator term author.
9 (RLIN) 48474
700 ## - ADDED ENTRY--PERSONAL NAME
Personal name Rodrigues, Jessica.
Relator term author.
9 (RLIN) 48477
700 ## - ADDED ENTRY--PERSONAL NAME
Personal name Dyson, Nancy.
Relator term author.
9 (RLIN) 48478
700 ## - ADDED ENTRY--PERSONAL NAME
Personal name Jordan, Nancy C.
Relator term author.
9 (RLIN) 48479
942 ## - ADDED ENTRY ELEMENTS (KOHA)
Source of classification or shelving scheme Dewey Decimal Classification
Koha item type Periodicals
Holdings
Withdrawn status Lost status Source of classification or shelving scheme Damaged status Not for loan Collection code Home library Current library Date acquired Total Checkouts Full call number Date last seen Price effective from Koha item type Public note
    Dewey Decimal Classification     Periodicals UM Digos College - LIC UM Digos College - LIC 07/03/2023   DPer 370.15 J826 April-May 2020 v. 112 n. 3-4 07/03/2023 07/03/2023 Periodicals Periodical article